000 00704nam a2200217 i 4500
001 71622
003 ES-MaACL
005 20230906171159.0
007 t|
008 040813s1967 sp ||||1| spa d
100 1 _aGeorge, Pierre.
_956386
245 1 0 _aGeografía de la U.R.S.S. /
_cPierre George ; [versión, Francisco R. Vadillo ; revisada por José Manuel Rubio y David Ruiz].
260 _a[Madrid] :
_bTaurus,
_c[1967]
300 _a552 p., 7 lám. ;
_c24 cm.
651 4 _aRusia-
_xGeografía.
_9169369
700 1 _aVadillo, Francisco R.
_9112386
700 1 _aRubio, José Manuel.
_9100354
700 1 _aRuiz, David.
_9176794
852 _aES-MaACL
_jC-32363
_bR.63089
999 _c71622
_d71622